[Event "43rd World Open"]
[Site "Arlington, VA"]
[Date "2015.07.02"]
[Round "2"]
[White "Song, Michael"]
[Black "Maghami, Ehsan"]
[Result "1-0"]
[WhiteElo "2316"]
[BlackElo "2570"]
[PlyCount "128"]
[EventDate "2015.07.??"]
[EventType "swiss"]
[EventRounds "9"]
[EventCountry "USA"]

1. e4 c5 2. c3 Nf6 3. e5 Nd5 4. d4 cxd4 5. Nf3 e6 6. cxd4 d6 7. Bc4 Nb6 8. Bd3
dxe5 9. dxe5 Na6 10. Bg5 Be7 11. Bxe7 Qxe7 12. O-O O-O 13. Nc3 Rd8 14. Qe2 Nb4
15. Be4 N4d5 16. Bxd5 Nxd5 17. Nxd5 Rxd5 18. Rad1 Rxd1 19. Rxd1 Bd7 20. Qd2 Bc6
21. Nd4 Be8 22. f4 Rd8 23. Qf2 Qc5 24. h3 Qd5 25. a3 Qe4 26. Rd2 h6 27. Nf3
Rxd2 28. Qxd2 Bc6 29. Kf2 Bd5 30. Qd4 Qb1 31. Qd2 Qe4 32. Qd4 Qc2+ 33. Qd2 Qc5+
34. Qe3 Qb5 35. Qd2 Qc5+ 36. Qe3 Qb5 37. Qd2 Qb6+ 38. Nd4 Qc5 39. Qe3 a6 40.
Nf3 Qc2+ 41. Qd2 Qc5+ 42. Qe3 Qc4 43. Nd4 Qc5 44. Nf3 Qc7 45. Nd4 b6 46. Nf3
Qc6 47. Nd4 Qb7 48. Nf3 a5 49. Qc3 Be4 50. Kg3 Qd5 51. Qe3 b5 52. Qe2 Bxf3 53.
Qxf3 Qd4 54. Qf2 Qe4 55. Qf3 Qe1+ 56. Qf2 Qd1 57. Qf3 Qc1 58. Qa8+ Kh7 59. Qe4+
g6 60. Qd4 Kg7 61. Kf2 Qc2+ 62. Kf3 Qb3+ 63. Kf2 b4 64. axb4 axb4 1-0

[Event "43rd World Open"]
[Site "Arlington, VA"]
[Date "2015.07.02"]
[Round "2"]
[White "Stripunsky, Alexander"]
[Black "Wheeler, Cameron"]
[Result "1-0"]
[WhiteElo "2561"]
[BlackElo "2304"]
[PlyCount "47"]
[EventDate "2015.07.??"]
[EventType "swiss"]
[EventRounds "9"]
[EventCountry "USA"]

1. e4 e6 2. d4 d5 3. Nd2 Nf6 4. e5 Nfd7 5. f4 c5 6. Ngf3 Nc6 7. Nb3 cxd4 8.
Nbxd4 Bc5 9. c3 a5 10. Be3 Qb6 11. Qd2 f6 12. Bf2 Nxd4 13. Bxd4 fxe5 14. fxe5
O-O 15. Bd3 Bxd4 16. cxd4 Nb8 17. O-O Bd7 18. Qg5 Nc6 19. Qh5 g6 20. Bxg6 hxg6
21. Qxg6+ Kh8 22. Ng5 Qxd4+ 23. Kh1 Qh4 24. Rf7 1-0

[Event "43rd World Open"]
[Site "Arlington, VA"]
[Date "2015.07.02"]
[Round "2"]
[White "Troff, Kayden"]
[Black "Zhang, Yuanchen"]
[Result "1-0"]
[WhiteElo "2545"]
[BlackElo "2295"]
[PlyCount "67"]
[EventDate "2015.07.??"]
[EventType "swiss"]
[EventRounds "9"]
[EventCountry "USA"]

1. d4 Nf6 2. c4 e6 3. Nf3 d5 4. Nc3 Be7 5. Bg5 c6 6. e3 Nbd7 7. Qc2 O-O 8. Bd3
dxc4 9. Bxc4 Nd5 10. Bxe7 Qxe7 11. O-O h6 12. a3 Nxc3 13. Qxc3 b6 14. b4 Bb7
15. Be2 Rfc8 16. Rfb1 c5 17. dxc5 bxc5 18. b5 Nf6 19. Ne5 Ne4 20. Qc2 Qf6 21.
f4 Rd8 22. Rd1 Rxd1+ 23. Rxd1 Rd8 24. Rxd8+ Qxd8 25. Nc6 Qd2 26. Qxd2 Nxd2 27.
Nxa7 c4 28. Nc6 c3 29. Nd4 f6 30. Bd3 e5 31. fxe5 fxe5 32. Ne2 e4 33. Bc2 Nc4
34. Bb3 1-0

[Event "43rd World Open"]
[Site "Arlington, VA"]
[Date "2015.07.02"]
[Round "2"]
[White "Shabalov, Alexander"]
[Black "Acor, Corey"]
[Result "0-1"]
[WhiteElo "2538"]
[BlackElo "2280"]
[PlyCount "60"]
[EventDate "2015.07.??"]
[EventType "swiss"]
[EventRounds "9"]
[EventCountry "USA"]

1. Nf3 Nf6 2. c4 c5 3. Nc3 Nc6 4. d4 cxd4 5. Nxd4 g6 6. e4 Bg7 7. Be3 d6 8. Be2
Bd7 9. O-O Rc8 10. f3 a6 11. Qd2 O-O 12. Rac1 Ne8 13. Nb3 f5 14. Nd5 Be6 15.
exf5 gxf5 16. f4 Kh8 17. Bf3 Bg8 18. Rfd1 e5 19. Nb6 exf4 20. Bf2 Rc7 21. c5
Ne5 22. Qxf4 Qf6 23. Rc3 dxc5 24. Na8 Nxf3+ 25. Qxf3 Rc8 26. Nxc5 Rxa8 27. Nd7
Qf7 28. Nxf8 Qxf8 29. Rd7 Nf6 30. Rxb7 Bd5 0-1

[Event "43rd World Open"]
[Site "Arlington, VA"]
[Date "2015.07.02"]
[Round "2"]
[White "Aikhoje, Odion"]
[Black "Subramanian, Arun"]
[Result "0-1"]
[WhiteElo "2274"]
[BlackElo "2496"]
[PlyCount "104"]
[EventDate "2015.07.??"]
[EventType "swiss"]
[EventRounds "9"]
[EventCountry "USA"]

1. Nf3 Nf6 2. d4 e6 3. Bg5 h6 4. Bf4 b6 5. h3 Bb7 6. e3 Bd6 7. Ne5 Be7 8. Nd2
c5 9. c3 O-O 10. a3 Re8 11. Bc4 Bf8 12. O-O d6 13. Nef3 Nc6 14. Bh2 e5 15. dxe5
dxe5 16. Qb3 Qc7 17. Be2 Na5 18. Qa4 a6 19. Rfd1 b5 20. Qc2 c4 21. a4 Bd6 22.
Ra2 Rab8 23. axb5 axb5 24. Rda1 Nb3 25. Rd1 Bd5 26. Ra6 Nc5 27. Raa1 Re6 28.
Ne1 e4 29. Bxd6 Rxd6 30. Nf1 Nd3 31. Qd2 Nd7 32. Nc2 N7c5 33. Nd4 Rdb6 34. Ra2
Qe5 35. Bxd3 cxd3 36. Ra5 Nb3 37. Nxb3 Bxb3 38. Rda1 Qd5 39. Qe1 Qc6 40. Nd2
Bd5 41. Ra7 Qe6 42. Qd1 b4 43. c4 Bxc4 44. Rc7 Bd5 45. Raa7 Qe5 46. Qc1 Rg6 47.
Ra5 Qe6 48. Kf1 Rd8 49. Rcc5 Rg5 50. Rab5 Qg6 51. Rc8 Rxg2 52. Rxd8+ Kh7 0-1

[Event "43rd World Open"]
[Site "Arlington, VA"]
[Date "2015.07.02"]
[Round "2"]
[White "Jayaram, Ashwin"]
[Black "Santarius, Erik"]
[Result "1-0"]
[WhiteElo "2492"]
[BlackElo "2266"]
[PlyCount "121"]
[EventDate "2015.07.??"]
[EventType "swiss"]
[EventRounds "9"]
[EventCountry "USA"]

1. d4 Nf6 2. c4 e6 3. Nc3 Bb4 4. Qc2 c5 5. dxc5 Na6 6. g3 Nxc5 7. Bg2 d5 8.
cxd5 Nxd5 9. Nf3 Qf6 10. Bd2 Nxc3 11. bxc3 Ba5 12. O-O Bd7 13. Nd4 Rc8 14. Nb3
Nxb3 15. axb3 Bxc3 16. Bxb7 Rc7 17. Rxa7 O-O 18. Be3 Bb5 19. Be4 Rxa7 20. Bxa7
g6 21. Rc1 Bd4 22. Bxd4 Qxd4 23. e3 Qb4 24. Bd3 Rb8 25. Bxb5 Qxb5 26. Qb2 Qb4
27. Rc7 Qd6 28. Qc2 Kg7 29. Qc3+ e5 30. Qc4 Qf6 31. Qd5 Rb6 32. Rb7 Ra6 33. b4
Ra1+ 34. Kg2 Rb1 35. b5 Rb2 36. Qf3 e4 37. Qxf6+ Kxf6 38. g4 h5 39. gxh5 gxh5
40. Rb8 Kf5 41. b6 Rb1 42. Kg3 Rb2 43. h3 Kg5 44. b7 Kf6 45. h4 Rb3 46. Kf4 Rb4
47. Rh8 Rxb7 48. Rxh5 Rb2 49. Rf5+ Ke6 50. Kg5 Rb1 51. Rf6+ Ke7 52. Rf4 Rb5+
53. Rf5 Rb2 54. h5 Kf8 55. h6 Rb7 56. Kf4 Rb4 57. h7 Kg7 58. Rxf7+ Kh8 59. Kg3
Ra4 60. Rf4 Kxh7 61. f3 1-0

[Event "43rd World Open"]
[Site "Arlington, VA"]
[Date "2015.07.02"]
[Round "2"]
[White "Li, Ethan"]
[Black "Ippolito, Dean"]
[Result "0-1"]
[WhiteElo "2230"]
[BlackElo "2395"]
[PlyCount "72"]
[EventDate "2015.07.??"]
[EventType "swiss"]
[EventRounds "9"]
[EventCountry "USA"]

1. d4 Nf6 2. c4 e6 3. Nf3 d5 4. g3 Be7 5. Bg2 O-O 6. O-O dxc4 7. Qc2 a6 8. Qxc4
b5 9. Qc2 Bb7 10. Bd2 Be4 11. Qc1 Nbd7 12. Ba5 Ra7 13. Nbd2 Bd5 14. Re1 Ne4 15.
Nxe4 Bxe4 16. Qf4 f5 17. Qe3 Qa8 18. Ne5 Nxe5 19. Bxe4 Qxe4 20. Qxe4 fxe4 21.
dxe5 c5 22. Rac1 Rd7 23. Red1 Rd5 24. Bc7 Kf7 25. f3 Rc8 26. Rxd5 exd5 27. Bb6
exf3 28. exf3 Ke6 29. f4 b4 30. Ba5 Rb8 31. Rd1 Rb5 32. Bc7 Rb7 33. Ba5 d4 34.
a3 bxa3 35. bxa3 Kd5 36. Kf2 Rb3 0-1

[Event "43rd World Open"]
[Site "Arlington, VA"]
[Date "2015.07.02"]
[Round "2"]
[White "Li, Ruifeng"]
[Black "Onabogun, Kolade"]
[Result "1-0"]
[WhiteElo "2394"]
[BlackElo "2142"]
[PlyCount "81"]
[EventDate "2015.07.??"]
[EventType "swiss"]
[EventRounds "9"]
[EventCountry "USA"]

1. e4 c5 2. Nc3 Nc6 3. Nge2 Nf6 4. d4 cxd4 5. Nxd4 e5 6. Ndb5 d6 7. Bg5 a6 8.
Na3 b5 9. Bxf6 gxf6 10. Nd5 f5 11. Bd3 Be6 12. O-O Bxd5 13. exd5 Ne7 14. c3 Bg7
15. Nc2 O-O 16. Re1 f4 17. Nb4 f5 18. a4 e4 19. Bf1 a5 20. Nc6 Nxc6 21. dxc6 b4
22. cxb4 axb4 23. Qb3+ Kh8 24. Red1 f3 25. g3 f4 26. Rac1 e3 27. Bh3 Qg5 28.
Qd5 Be5 29. Qxf3 fxg3 30. Qg4 Qf6 31. fxg3 Qf2+ 32. Kh1 Bxb2 33. Rf1 Qd2 34.
Rfd1 Qf2 35. Qxb4 Rab8 36. Qxd6 e2 37. Rf1 exf1=Q+ 38. Rxf1 Rbd8 39. Rxf2 Rxd6
40. Rxf8+ Kg7 41. c7 1-0

[Event "43rd World Open"]
[Site "Arlington, VA"]
[Date "2015.07.02"]
[Round "2"]
[White "Liu, Bovey"]
[Black "Shetty, Atulya"]
[Result "1-0"]
[WhiteElo "2066"]
[BlackElo "2368"]
[PlyCount "86"]
[EventDate "2015.07.??"]
[EventType "swiss"]
[EventRounds "9"]
[EventCountry "USA"]

1. e4 c5 2. Nf3 Nc6 3. Bb5 d6 4. O-O Bd7 5. Re1 Nf6 6. c3 a6 7. Bf1 Bg4 8. h3
Bxf3 9. Qxf3 g6 10. d3 Bg7 11. Nd2 O-O 12. Qe2 b5 13. Nf3 Qb6 14. Be3 b4 15.
Qd2 Rfb8 16. Bh6 bxc3 17. bxc3 Qb2 18. Bxg7 Kxg7 19. Rad1 Qa3 20. Re2 Rb6 21.
Qc1 Qa4 22. Qc2 Qa5 23. Nd2 Rb7 24. Nc4 Qc7 25. Rb1 Rb5 26. Ree1 Rab8 27. Rb3
e6 28. Reb1 d5 29. exd5 exd5 30. Nd2 d4 31. Nf3 Qd6 32. c4 Rxb3 33. Rxb3 Re8
34. Qd2 Ne5 35. Nxe5 Rxe5 36. Be2 Qe7 37. Kf1 h5 38. Rb1 Re6 39. Bf3 Qc7 40.
Kg1 Qe5 41. g3 h4 42. g4 Nh7 43. Bd5 Rf6 1-0

[Event "43rd World Open"]
[Site "Arlington, VA"]
[Date "2015.07.02"]
[Round "2"]
[White "Liu, Andrew"]
[Black "Panchanathan, Magesh"]
[Result "0-1"]
[WhiteElo "2165"]
[BlackElo "2541"]
[PlyCount "68"]
[EventDate "2015.07.??"]
[EventType "swiss"]
[EventRounds "9"]
[EventCountry "USA"]

1. d4 Nf6 2. c4 e6 3. Nc3 Bb4 4. f3 d5 5. a3 Bxc3+ 6. bxc3 c5 7. cxd5 Nxd5 8.
dxc5 Qa5 9. e4 Ne7 10. Be3 O-O 11. Qb3 Qc7 12. a4 Nec6 13. Bb5 Na5 14. Qa3 e5
15. Ne2 a6 16. Bd3 Rd8 17. Rd1 Be6 18. Kf2 Nbc6 19. Nc1 Qe7 20. Rhe1 Bc4 21.
Bb1 Rxd1 22. Rxd1 Rd8 23. Rxd8+ Qxd8 24. Kg3 h5 25. h3 Qd1 26. Qb2 Qe1+ 27. Bf2
Qh1 28. Be3 Bf1 29. Qf2 h4+ 30. Kxh4 Bxg2 31. Qg3 Bxh3 32. Qxh3 Qe1+ 33. Qg3
Qxe3 34. Nd3 Nc4 0-1

[Event "43rd World Open"]
[Site "Arlington, VA"]
[Date "2015.07.02"]
[Round "2"]
[White "Vibbert, Sean"]
[Black "Larson, Matthew"]
[Result "1-0"]
[WhiteElo "2360"]
[BlackElo "2160"]
[PlyCount "123"]
[EventDate "2015.07.??"]
[EventType "swiss"]
[EventRounds "9"]
[EventCountry "USA"]

1. e4 c5 2. Nc3 a6 3. g3 b5 4. Bg2 Bb7 5. d3 e6 6. Nge2 b4 7. Na4 d5 8. Be3 d4
9. Bd2 Bc6 10. b3 Nd7 11. O-O Ngf6 12. Nb2 Be7 13. h3 e5 14. a4 a5 15. Nc4 Qc7
16. f4 h5 17. fxe5 Nxe5 18. Nxe5 Qxe5 19. Rf5 Qc7 20. Qf1 Nd7 21. Nf4 Ne5 22.
Rxh5 O-O-O 23. Rxh8 Rxh8 24. Ne2 Bd6 25. Bf4 f6 26. Bxe5 Bxe5 27. Nf4 Qf7 28.
Qf3 Bb7 29. Qg4+ Kb8 30. Ng6 Re8 31. Nxe5 Rxe5 32. Rf1 Bc8 33. Qh4 Qg6 34. Bf3
Qf7 35. Bg4 Bb7 36. Bf5 Ka7 37. Qg4 Bc6 38. h4 Kb6 39. Rf4 Be8 40. Rf2 Re7 41.
Qf4 Re5 42. g4 Qe7 43. h5 Bc6 44. h6 gxh6 45. Qxh6 Qd6 46. Qf4 Qe7 47. Rh2 c4
48. dxc4 Qc5 49. Kf1 Qd6 50. Rf2 Kc7 51. Ke2 Kb6 52. Kd3 Qe7 53. Bg6 Re6 54.
Qb8+ Ka6 55. Rf4 Rd6 56. Bf5 Bb7 57. Bc8 Bxc8 58. Qxc8+ Ka7 59. Rf5 Qd8 60.
Qxd8 Rxd8 61. Rxa5+ Kb6 62. Rf5 1-0

[Event "43rd World Open"]
[Site "Arlington, VA"]
[Date "2015.07.02"]
[Round "3.1"]
[White "McShane, Luke"]
[Black "Quintiliano Pinto, Renato Rodrig"]
[Result "1/2-1/2"]
[WhiteElo "2685"]
[BlackElo "2429"]
[PlyCount "103"]
[EventDate "2015.07.??"]
[EventType "swiss"]
[EventRounds "9"]
[EventCountry "USA"]
[WhiteClock "0:01:07"]
[BlackClock "0:08:12"]

1. e4 c5 2. b3 d6 3. Bb2 Nc6 4. Bb5 Bd7 5. Ne2 a6 6. Bxc6 Bxc6 7. d3 e6 8. O-O
Nf6 9. c4 Be7 10. Nd2 O-O 11. Ng3 Nd7 12. Qe2 Bf6 13. Bxf6 Qxf6 14. f4 Rae8 15.
Rae1 Qb2 16. Nf3 Qxe2 17. Rxe2 g6 18. Rfe1 e5 19. f5 Nb8 20. Nd2 Bd7 21. Rf2
Nc6 22. Ndf1 f6 23. Ne3 Ne7 24. h4 Kg7 25. h5 g5 26. h6+ Kf7 27. Kf1 Rb8 28.
Rb2 b5 29. b4 cxb4 30. Rxb4 bxc4 31. Rxc4 Bb5 32. Rc7 Rfc8 33. Rec1 Bxd3+ 34.
Kf2 Rb2+ 35. Kf3 Rxc7 36. Rxc7 Ke8 37. Ng4 Kd8 38. Rc3 Bc2 39. Ne3 Ba4 40. Nh5
Ng8 41. Rd3 Bb5 42. Rxd6+ Kc7 43. Rxf6 Be2+ 44. Kg3 Bxh5 45. Rxa6 Re2 46. Nd5+
Kb7 47. Rb6+ Ka7 48. Rc6 Kb8 49. Rb6+ Kc8 50. Rc6+ Kb8 51. Rb6+ Kc8 52. Rc6+
1/2-1/2

[Event "43rd World Open"]
[Site "Arlington, VA"]
[Date "2015.07.02"]
[Round "3.2"]
[White "Smirin, Ilya"]
[Black "Li, Ruifeng"]
[Result "1-0"]
[WhiteElo "2663"]
[BlackElo "2394"]
[PlyCount "107"]
[EventDate "2015.07.??"]
[EventType "swiss"]
[EventRounds "9"]
[EventCountry "USA"]
[WhiteClock "0:24:18"]
[BlackClock "0:25:51"]

1. e4 c5 2. Nf3 d6 3. d4 cxd4 4. Nxd4 Nf6 5. Nc3 a6 6. f4 e5 7. Nf3 Nbd7 8. a4
Qc7 9. Bd3 Be7 10. O-O O-O 11. Kh1 Nc5 12. Qe2 Bd7 13. fxe5 dxe5 14. Bg5 Be6
15. Nh4 Nxd3 16. cxd3 Ne8 17. Nf3 f6 18. Be3 Nd6 19. Rfc1 Qd7 20. d4 exd4 21.
Nxd4 Rac8 22. Bg1 Bc4 23. Qf3 Nf7 24. Rd1 Bb4 25. Nf5 Qc7 26. Rac1 Qe5 27. Rd7
Be6 28. Rxb7 Bxf5 29. Rxb4 Bg6 30. Qd3 Rc6 31. Rd1 h5 32. Qd5 Qc7 33. Qb3 Qe5
34. Rb7 Qe6 35. Qxe6 Rxe6 36. Rdd7 Rc8 37. h3 Rd6 38. Re7 Rd2 39. Be3 Rd3 40.
Bf4 Rc4 41. Rb6 a5 42. Rb5 Rb4 43. Ra7 Rdd4 44. Raxa5 Bxe4 45. Be3 Rdc4 46.
Rxb4 Rxb4 47. Bc5 Rc4 48. Nxe4 Rxe4 49. Ra8+ Kh7 50. a5 Rc4 51. b4 Nh6 52. a6
Nf5 53. a7 Rc1+ 54. Kh2 1-0

[Event "43rd World Open"]
[Site "Arlington, VA"]
[Date "2015.07.02"]
[Round "3.3"]
[White "Korley, Kassa"]
[Black "Mamedov, Rauf"]
[Result "0-1"]
[WhiteElo "2430"]
[BlackElo "2639"]
[PlyCount "148"]
[EventDate "2015.07.??"]
[EventType "swiss"]
[EventRounds "9"]
[EventCountry "USA"]
[WhiteClock "0:00:16"]
[BlackClock "0:02:15"]

1. d4 d6 2. Nf3 Nf6 3. c4 g6 4. Nc3 Bf5 5. Nh4 Bd7 6. Nf3 Bf5 7. Nh4 Bc8 8. Nf3
Bg7 9. e4 O-O 10. Be2 Nbd7 11. h3 e5 12. d5 Nc5 13. Qc2 a5 14. g4 c6 15. Be3
cxd5 16. cxd5 b6 17. Nd2 Bd7 18. g5 Ne8 19. h4 f5 20. h5 Rc8 21. hxg6 hxg6 22.
Qd1 f4 23. Bxc5 Rxc5 24. Nf3 b5 25. a4 bxa4 26. Nxa4 Rc8 27. b3 Rb8 28. Nb2 Qb6
29. Nc4 Qxb3 30. Qxb3 Rxb3 31. Nxa5 Rb4 32. Nc4 Bb5 33. Ncd2 Nc7 34. Bxb5 Nxb5
35. Rb1 Rxb1+ 36. Nxb1 Ra8 37. O-O Ra4 38. Nbd2 Nc3 39. Re1 Bf8 40. Kg2 Be7 41.
Kh3 Bd8 42. Kg4 Kg7 43. Rh1 Bb6 44. Rc1 Ba5 45. Rh1 Ra2 46. Rc1 Bb4 47. Kh3 Ba5
48. Kg2 Ne2 49. Rd1 Bb4 50. Kf1 Nc3 51. Rc1 Ba5 52. Kg2 Ra4 53. Re1 Bb6 54. Rc1
Ba5 55. Re1 Bd8 56. Kh3 Bb6 57. Kg2 Bc5 58. Kf1 Ra3 59. Kg2 Ra4 60. Kf1 Ra2 61.
Rc1 Bb4 62. Kg2 Ba5 63. Kf1 Kf7 64. Kg2 Ne2 65. Rd1 Nc3 66. Rc1 Nxd5 67. exd5
Bxd2 68. Rc7+ Ke8 69. Nh4 e4 70. Nxg6 f3+ 71. Kh3 Bxg5 72. Kg4 Rxf2 73. Kxg5
Rg2+ 74. Kf5 f2 0-1

[Event "43rd World Open"]
[Site "Arlington, VA"]
[Date "2015.07.02"]
[Round "3.4"]
[White "Akobian, Varuzhan"]
[Black "Bryant, John Daniel"]
[Result "1-0"]
[WhiteElo "2632"]
[BlackElo "2388"]
[PlyCount "67"]
[EventDate "2015.07.??"]
[EventType "swiss"]
[EventRounds "9"]
[EventCountry "USA"]
[WhiteClock "0:23:41"]
[BlackClock "0:14:07"]

1. d4 Nf6 2. c4 c5 3. d5 e6 4. Nc3 exd5 5. cxd5 d6 6. Nf3 g6 7. Bf4 Bg7 8. Qa4+
Bd7 9. Qb3 Qc7 10. e4 O-O 11. Nd2 Nh5 12. Be3 f5 13. exf5 Bxf5 14. Be2 Nf6 15.
h3 Na6 16. a3 Qf7 17. Nc4 Rfd8 18. Rd1 Nc7 19. Qxb7 Rab8 20. Qxa7 Ra8 21. Qb7
Nfe8 22. Qb3 Rdb8 23. Qa2 Bc2 24. O-O Bxd1 25. Rxd1 Bxc3 26. bxc3 Nxd5 27. Nxd6
Nxd6 28. Qxd5 Qxd5 29. Rxd5 Ne4 30. Bc4 Kg7 31. Rd7+ Kf8 32. Bd5 Ra4 33. c4 Ke8
34. Rxh7 1-0

[Event "43rd World Open"]
[Site "Arlington, VA"]
[Date "2015.07.02"]
[Round "3"]
[White "Ipatov, Alexander"]
[Black "Tang, Andrew"]
[Result "1/2-1/2"]
[WhiteElo "2615"]
[BlackElo "2365"]
[PlyCount "82"]
[EventDate "2015.07.??"]
[EventType "swiss"]
[EventRounds "9"]
[EventCountry "USA"]

1. d4 d5 2. c4 e6 3. Nc3 Be7 4. Nf3 Nf6 5. Bg5 O-O 6. e3 h6 7. Bxf6 Bxf6 8. Qc2
c5 9. dxc5 dxc4 10. Bxc4 Qa5 11. O-O Bxc3 12. Qxc3 Qxc3 13. bxc3 Nd7 14. c6
bxc6 15. Rab1 Nb6 16. Be2 c5 17. Rfc1 Bb7 18. Kf1 Rfd8 19. Rb5 Rac8 20. Ke1 Rc7
21. g3 Ba6 22. Ra5 Bxe2 23. Kxe2 Nc4 24. Ra4 Nb6 25. Ra6 Nc4 26. Rc2 Kf8 27.
Nd2 Nxd2 28. Rxd2 Rb8 29. h4 Ke7 30. h5 Rb1 31. Kf3 Rc1 32. Ra3 a5 33. Ke2 Rb7
34. Kd3 Rd7+ 35. Ke2 Rb7 36. g4 c4 37. Rxa5 Rxc3 38. f4 Rc1 39. Rd4 Rc7 40. Rd1
Rc2+ 41. Rd2 Rc1 1/2-1/2

[Event "43rd World Open"]
[Site "Arlington, VA"]
[Date "2015.07.02"]
[Round "3"]
[White "Bora, Safal"]
[Black "Kovalyov, Anton"]
[Result "0-1"]
[WhiteElo "2406"]
[BlackElo "2613"]
[PlyCount "98"]
[EventDate "2015.07.??"]
[EventType "swiss"]
[EventRounds "9"]
[EventCountry "USA"]

1. Nf3 Nf6 2. g3 d5 3. Bg2 e6 4. O-O Be7 5. d4 O-O 6. c4 c6 7. Qc2 b6 8. Nbd2
Bb7 9. e4 Na6 10. a3 dxc4 11. Nxc4 c5 12. e5 Nd5 13. dxc5 Nxc5 14. b4 Nd7 15.
Bd2 Rc8 16. Qb3 b5 17. Na5 Ba8 18. Rac1 Qb6 19. Qb2 a6 20. Rfe1 h6 21. Rxc8
Rxc8 22. Nd4 Bd8 23. Ndb3 Qa7 24. Re2 Bb6 25. Kf1 Qc7 26. Re1 Qc2 27. Qxc2 Rxc2
28. Be4 Ra2 29. Rc1 Ne3+ 30. Bxe3 Bxe4 31. Nc5 Nxc5 32. Bxc5 Bxc5 33. bxc5 Rxa3
34. c6 Rxa5 35. c7 Bb7 36. Rc6 Kf8 37. Rb6 Bc8 38. Rb8 Ke7 39. Rxc8 Kd7 40. Rf8
Kxc7 41. Rxf7+ Kc6 42. Rxg7 b4 43. Ke2 Rxe5+ 44. Kd2 a5 45. Rg6 a4 46. Rxh6 a3
47. Kc2 a2 48. Kb2 Re2+ 49. Ka1 b3 0-1

[Event "43rd World Open"]
[Site "Arlington, VA"]
[Date "2015.07.02"]
[Round "3"]
[White "Ippolito, Dean"]
[Black "Zhou, Jianchao"]
[Result "0-1"]
[WhiteElo "2395"]
[BlackElo "2601"]
[PlyCount "77"]
[EventDate "2015.07.??"]
[EventType "swiss"]
[EventRounds "9"]
[EventCountry "USA"]

1. d4 Nf6 2. c4 e6 3. g3 c5 4. d5 exd5 5. cxd5 d6 6. Nc3 g6 7. Bg2 Bg7 8. Nf3
O-O 9. O-O Re8 10. Bf4 Na6 11. Nd2 Nh5 12. Be3 Nc7 13. a4 b6 14. Nc4 Ba6 15.
Na3 Rxe3 16. fxe3 Qe7 17. Nc2 Nf6 18. Rf4 Nd7 19. Qe1 Ne5 20. a5 b5 21. b4 Rd8
22. Rd1 Bc8 23. Kh1 a6 24. Ne4 Ne8 25. h3 Nf6 26. Rxf6 Bxf6 27. bxc5 dxc5 28.
d6 Qe6 29. Nxc5 Qc4 30. Ne4 Bg7 31. Nb4 Bxh3 32. Bxh3 Qxe4+ 33. Kh2 Bf8 34. Rd4
Qxe3 35. Qd1 Nc4 36. Nd5 Qf2+ 37. Kh1 Rxd6 38. Qa1 Bg7 39. Ne7+ 0-1

[Event "43rd World Open"]
[Site "Arlington, VA"]
[Date "2015.07.02"]
[Round "3"]
[White "Mekhitarian, Krikor"]
[Black "Song, Michael"]
[Result "1-0"]
[WhiteElo "2589"]
[BlackElo "2316"]
[PlyCount "59"]
[EventDate "2015.07.??"]
[EventType "swiss"]
[EventRounds "9"]
[EventCountry "USA"]

1. d4 e6 2. e4 d5 3. Nc3 Bb4 4. e5 c5 5. a3 Bxc3+ 6. bxc3 Qa5 7. Bd2 Qa4 8. Qg4
Kf8 9. Qd1 b6 10. dxc5 bxc5 11. c4 Ba6 12. cxd5 Bxf1 13. Kxf1 exd5 14. g3 Ne7
15. Nf3 Qc6 16. Kg2 Nd7 17. Re1 Re8 18. Ng5 Ng6 19. f4 h6 20. Nf3 Ne7 21. Qe2
Nf5 22. Qd3 g6 23. g4 Ne7 24. h3 d4 25. c3 dxc3 26. Bxc3 Nd5 27. Kg3 c4 28. Qd4
Nc5 29. e6 Rh7 30. Ne5 1-0

[Event "43rd World Open"]
[Site "Arlington, VA"]
[Date "2015.07.02"]
[Round "3"]
[White "Garcia, Gildardo"]
[Black "Ramirez, Alejandro"]
[Result "1/2-1/2"]
[WhiteElo "2389"]
[BlackElo "2587"]
[PlyCount "78"]
[EventDate "2015.07.??"]
[EventType "swiss"]
[EventRounds "9"]
[EventCountry "USA"]

1. e4 c5 2. Nf3 e6 3. d4 cxd4 4. Nxd4 Nc6 5. Nc3 Qc7 6. g3 a6 7. Bg2 Nf6 8. O-O
h5 9. Nf3 d6 10. Re1 Be7 11. Bg5 Bd7 12. a4 Rc8 13. Qd2 Ne5 14. Qd4 Qc5 15.
Qxc5 Rxc5 16. Nxe5 dxe5 17. Rad1 Rxc3 18. bxc3 Bxa4 19. Ra1 Bc6 20. h3 Nd7 21.
Be3 h4 22. g4 Bc5 23. Bxc5 Nxc5 24. Ra5 Nd7 25. Bf1 Ke7 26. f3 g5 27. Kf2 f6
28. Ke3 Rc8 29. Rb1 Rc7 30. c4 Nf8 31. c5 Ng6 32. Rd1 Nf4 33. Rd6 Be8 34. Rb6
Bc6 35. Rb1 Rd7 36. Raa1 Kd8 37. Rd1 Rxd1 38. Rxd1+ Kc7 39. Ra1 Be8 1/2-1/2

[Event "43rd World Open"]
[Site "Arlington, VA"]
[Date "2015.07.02"]
[Round "3"]
[White "Acor, Corey"]
[Black "Troff, Kayden"]
[Result "1/2-1/2"]
[WhiteElo "2280"]
[BlackElo "2545"]
[PlyCount "77"]
[EventDate "2015.07.??"]
[EventType "swiss"]
[EventRounds "9"]
[EventCountry "USA"]

1. e4 c5 2. Nc3 d6 3. g3 g6 4. Bg2 Bg7 5. d3 Nc6 6. Be3 e5 7. Qd2 Nge7 8. Bh6
Bxh6 9. Qxh6 Nd4 10. Qd2 b5 11. Nd1 b4 12. c3 bxc3 13. bxc3 Ndc6 14. Ne3 Rb8
15. Ne2 Qb6 16. Nc4 Qc7 17. O-O O-O 18. f4 f5 19. Ne3 Be6 20. d4 cxd4 21. cxd4
exd4 22. Nd5 Qd7 23. Nxe7+ Nxe7 24. Nxd4 fxe4 25. Bxe4 d5 26. Bh1 Bf7 27. Rad1
Rb6 28. Nf3 Qb7 29. Rf2 Rb1 30. Ng5 Rb8 31. Bf3 Rb2 32. Qxb2 Qxb2 33. Rxb2 Rxb2
34. Rc1 Rb7 35. Rc5 Rd7 36. Bg4 Rb7 37. Bf3 Rd7 38. Bg4 Rb7 39. Bf3 1/2-1/2

[Event "43rd World Open"]
[Site "Arlington, VA"]
[Date "2015.07.02"]
[Round "3"]
[White "Subramanian, Arun"]
[Black "Yu, Jennifer"]
[Result "1/2-1/2"]
[WhiteElo "2496"]
[BlackElo "2073"]
[PlyCount "83"]
[EventDate "2015.07.??"]
[EventType "swiss"]
[EventRounds "9"]
[EventCountry "USA"]

1. c4 e5 2. Nc3 Nf6 3. g3 d5 4. cxd5 Nxd5 5. Bg2 Nb6 6. e3 Be7 7. Nge2 O-O 8.
O-O c6 9. d4 exd4 10. exd4 Na6 11. Nf4 Nc7 12. a4 Bf6 13. a5 Nbd5 14. Nfxd5
Nxd5 15. Nxd5 cxd5 16. Be3 Be6 17. Qb3 b6 18. Rfc1 bxa5 19. Rc5 Rb8 20. Qa2 Qb6
21. Bxd5 Bxd5 22. Rxd5 Qxb2 23. Qxb2 Rxb2 24. Rdxa5 Rb4 25. Rd1 Ra8 26. d5 Rb7
27. d6 Rd7 28. Ra6 h6 29. Kg2 Kf8 30. Kf3 Ke8 31. Rb1 Be5 32. Bc5 Rc8 33. Ba3
Bd4 34. Ra4 Bb6 35. Re1+ Kd8 36. Re2 Bc5 37. Rd2 Bxa3 38. Rxa3 Rc6 39. Ke4
Rcxd6 40. Rxd6 Rxd6 41. Rxa7 Ke8 42. h4 1/2-1/2

[Event "43rd World Open"]
[Site "Arlington, VA"]
[Date "2015.07.02"]
[Round "3"]
[White "Adamson, Robby"]
[Black "Jayaram, Ashwin"]
[Result "1/2-1/2"]
[WhiteElo "2246"]
[BlackElo "2492"]
[PlyCount "67"]
[EventDate "2015.07.??"]
[EventType "swiss"]
[EventRounds "9"]
[EventCountry "USA"]

1. e4 c5 2. Nf3 d6 3. d4 cxd4 4. Nxd4 Nf6 5. Nc3 Nc6 6. Bg5 e6 7. Qd2 a6 8.
O-O-O Be7 9. f4 Bd7 10. Nf3 b5 11. Bxf6 gxf6 12. Kb1 Qb6 13. f5 O-O-O 14. g3
Kb8 15. fxe6 fxe6 16. Bh3 Bc8 17. Qh6 Qc5 18. Rhe1 Rhf8 19. a3 Rf7 20. Ne2 Bf8
21. Qc1 Re8 22. Rd3 Rc7 23. Rf1 Bg7 24. Rc3 Qb6 25. Qe3 Qxe3 26. Rxe3 Nd8 27.
Bg2 Bh6 28. Rd3 Bb7 29. Ne1 f5 30. exf5 exf5 31. Bxb7 Nxb7 32. Nc3 Rc5 33. Ng2
Bg7 34. Nh4 1/2-1/2